| 000 | 00489nam a2200169Ia 4500 | ||
|---|---|---|---|
| 008 | 241217s9999||||xx |||||||||||||| ||und|| | ||
| 020 |
_a9780078250606 _c436 |
||
| 040 |
_beng _cSSK Library _erda |
||
| 082 | _a671.52/SAC | ||
| 100 | _a Raymond J. Sacks & Edward R. Bohnart | ||
| 245 | 0 | _aWelding: Principles And Practices | |
| 250 | _a3rd ed | ||
| 260 |
_b Mcgraw Hill Higher Education _c©2005 |
||
| 942 |
_2Dewey Decimal Classification _cBOOK _nNo |
||
| 999 |
_c19406 _d19406 |
||
| 003 | OSt | ||
| 005 | 20241217112724.0 | ||